| 000 | 00995nac a2200253 a 4500 | ||
|---|---|---|---|
| 003 | Co-PeBPM | ||
| 005 | 20250806235910.0 | ||
| 008 | 231129s1978||||xx |||||||||||||| ||spa|| | ||
| 020 | _a84-7166-584-0 | ||
| 040 |
_bspa _aCo-PeBPM _cCo-PeBPM _erda |
||
| 082 | _a236.2 M817r | ||
| 100 | _aMoody, Raymond A. | ||
| 245 | 0 | _aReflexiones sobre vida después de la vida | |
| 260 |
_c1978 _aMadrid España |
||
| 264 | _aEdaf, Madrid España; 1978 | ||
| 300 |
_a166 páginas; _c22 cms |
||
| 500 | _aIncluye contenido y bibliografía | ||
| 520 | _aAparecen en este volumen por primera vez elementos que no figuraban en "Vida después de la vida". Según van aumentando las evidencias de la existencia de otra vida, el doctor Moody nos acerca un poco más a la develación del mayor misterio de la humanidad. | ||
| 650 | 1 | 4 |
_2LEMB _aVida |
| 650 | 1 | 4 |
_2LEMB _aTestimonios |
| 650 | 1 | 4 |
_2LEMB _aMuerte |
| 700 |
_aAndrés Linares _eTraductor |
||
| 942 |
_2ddc _cBK _n0 |
||
| 999 |
_c23841 _d23841 |
||